1818 1263 1745 1649 1834 1679 1530 1751 1736 1293 1510 1364 1622 1594 1170 1089 1892 1255 1541 1781 1261 1986 1947 1278 1130 1392 1588 1019 1152 1604 1445 1311 1044 1973 1471 1961 1213 1523 1683 1842 1372 1454 1990 1168 1087 1464 1466 1869 1342 1095 1595 1545 1001 1967 1869 1499 1040 1200 1427 1171 1142 1046 1411 1117 1757 1565 1269 1158 1178 1957 1934 1288 1408 1004 1858 1349 1811 1607 1310 1975 1939 1417 1650 1479 1702 1875 1891 1609 1651 1132 1789 1508 1877 1821 1840 1253 1335 1986 1247 BCNSPRNW ULIB Ver.6.0+V

เปลี่ยนเป็นภาษาไทย

Change to English
 แสดงรายละเอียดบรรณานุกรม
  กลับหน้าหลัก

Brief Record : Get Marc (ISO 2709) : E-mail record : QR code < ปิดหน้าต่าง
LEADER : 00000nam 2200000uu 4500
001    13399125551
003     ULIB
008    170627s2559||||th 000 0 tha d
020    ^a9786163447685
060    ^aWI300 ก125ด
100    ^aกนกอร บุญพิทักษ์
245    ^aดูแลกระเพาะอาหารและลำไส้
250    ^aพิมพ์ครั้งที่ 1
260    ^aกรุงเทพฯ :^bFeel good Publishing,^c2559
300    ^a224 หน้า^bภาพประกอบ
650    ^aกระเพาะอาหารและลำไส้, โรค^xการดูแล
945    ^p0^l0^i002429
945    ^p0^l0^i002430
999    ^aวรรณษา ชูชัยมงคล
รายการนี้ยังไม่มีแท็ก
คุณยังไม่ได้ล็อกอิน คุณสามารถมีกิจกรรมร่วมกับเว็บไซต์ได้ แต่ต้องล็อกอินก่อน ::
  ล็อกอิน

รายการสื่อสารสนเทศ

ลำดับที่ ประเภท เลขเรียก/บาร์โค้ด สถานที่ สถานะ
1. วิทยาศาสตร์การแพทย์ และสุขภาพ
วิทยาศาสตร์การแพทย์ และสุขภาพ
สถานะ=หนังสือเก่า
WI300 ก125ด ฉ.1 
  Barcode: 002429
ห้องสมุดวิทยาเขตสวรรค์ประชารักษ์
►ส่วนจัดเก็บหนังสือเก่า สปร
บนชั้น
  ขอยืม
2. วิทยาศาสตร์การแพทย์ และสุขภาพ
วิทยาศาสตร์การแพทย์ และสุขภาพ
สถานะ=หนังสือเก่า
WI300 ก125ด ฉ.2 
  Barcode: 002430
ห้องสมุดวิทยาเขตสวรรค์ประชารักษ์
►ส่วนจัดเก็บหนังสือเก่า สปร
บนชั้น
  ขอยืม

รายการใกล้เคียง
    ชื่อเรื่อง [ดูแลกระเพาะอาหารและลำไส้]

    ผู้แต่ง [กนกอร บุญพิทักษ์]

BibComment


ยังไม่เคยถูกคอมเมนท์

คอมเมนท์ทรัพยากรรายการนี้
  คอมเมนท์: ดูแลกระเพาะอาหาร..


 Copyright 2026. Bcnsprnw @Library